[Event "George Trundle Talents"]
[Site "Auckland"]
[Date "2020.01.06"]
[Round "3"]
[White "Zhang, Tim"]
[Black "Sharma, Akshay"]
[Result "0-1"]
[WhiteElo "1270"]
[BlackElo "1504"]
[PlyCount "52"]
[EventDate "2020.01.04"]
[EventType "tourn"]
[EventRounds "9"]
[EventCountry "NZL"]
[SourceTitle "EXT 2021"]
[Source "ChessBase"]
[SourceDate "2020.10.23"]
[SourceVersion "1"]
[SourceVersionDate "2020.10.23"]
[SourceQuality "1"]

1. d4 d5 2. Bf4 Nf6 3. e3 c5 4. c3 Nc6 5. a3 Bf5 6. Bd3 Bxd3 7. Qxd3 e6 8. dxc5 e5 9. Bg3 Bxc5 10. b4 Bd6 11. Bh4 Be7 12. f3 0-0 13. Ne2 e4 14. fxe4 Nxe4 15. Bxe7 Qxe7 16. 0-0 Rad8 17. Nd2 Ne5 18. Qc2 Nxd2 19. Qxd2 Nc4 20. Qd4 Nxe3 21. Rfc1 Nxg2 22. Ng3 Nh4 23. Qxa7 d4 24. cxd4 Qe3+ 25. Kh1 Qf3+ 26. Kg1 Qg2# 0-1

[Event "George Trundle Talents"]
[Site "Auckland"]
[Date "2020.01.05"]
[Round "2"]
[White "Sharma, Akshay"]
[Black "Somaraju, Sai Vivan Karthikey"]
[Result "1-0"]
[WhiteElo "1504"]
[BlackElo "256"]
[PlyCount "47"]
[EventDate "2020.01.04"]
[EventType "tourn"]
[EventRounds "9"]
[EventCountry "NZL"]
[SourceTitle "EXT 2021"]
[Source "ChessBase"]
[SourceDate "2020.10.23"]
[SourceVersion "1"]
[SourceVersionDate "2020.10.23"]
[SourceQuality "1"]

1. e4 e5 2. Nf3 Nc6 3. Bc4 Bc5 4. c3 Nf6 5. d4 exd4 6. cxd4 Bb4+ 7. Bd2 Bxd2+ 8. Nbxd2 0-0 9. e5 Re8 10. 0-0 Nh5 11. Ne4 d5 12. exd6 cxd6 13. Nc3 Nf6 14. h3 d5 15. Bd3 a6 16. a3 Bd7 17. Bc2 Qc8 18. Qd3 Ne4 19. Nxd5 Bf5 20. Nh4 Ng3 21. Nxf5 Nxf1 22. Nh6+ Kf8 23. Qxh7 g6 24. Qg8# 1-0